| 000 | 00587nam a22001817a 4500 | ||
|---|---|---|---|
| 999 |
_c65710 _d65710 |
||
| 005 | 20240530110839.0 | ||
| 008 | 191216s ua a 000 0 ara d | ||
| 017 | _bمصر. دار الكتب | ||
| 040 |
_aEG-CaGPL _cEG-CaGPL |
||
| 082 | 0 | 4 |
_221 _a316.2 _bق/ح ح |
| 245 | 1 | 2 |
_aالحكومة المصرية : _bتقويم لسنو 1925 ميلادية / |
| 260 | _aالقاهرة : | ||
| 300 |
_a436ص. : _bايض. ؛ _c24 سم. |
||
| 650 | 0 | 7 |
_2qrmak _aالتقاويم _vالفلك _vالكتب السنوية _zمصر |
| 651 | _2qrmak | ||
| 653 | _aتقويم 1925 | ||
| 942 |
_2ddc _cBK |
||